1000 living details : how to improve home decoration

Bibliographic Details
Other Authors: Benitez, Christina Paredes
Format: Book
Published: Singapore : Page One Publishing Private Limited , 2011
Subjects:

MARC

LEADER 00000cam a2200000 7i4500
001 0000163532
005 20121120.0
020 |a 9789814286053 
090 0 0 |a 747   |b ONE 
245 0 0 |a 1000 living details :   |b how to improve home decoration   |c Christina Paredes Benitez, editor and text 
260 |a Singapore :   |b Page One Publishing Private Limited ,   |c 2011 
300 |a 295p. ;   |c 25cm. 
650 0 0 |a Interior architecture 
650 0 0 |a Interior decoration 
700 1 |a Benitez, Christina Paredes 
999 |a 00266237   |b BUKU   |c RUJUKAN   |e PERPUSTAKAAN KOMUNITI PETALING JAYA